000 00431nam a2200145Ia 4500
008 230917s9999||||xx |||||||||||||| ||und||
040 _e5006392
_aMAIN
041 _aEnglish
082 _a780.954 S21H
100 _aSaini, Manisha
245 0 _aHaryana evam Rajasthan ke seemavarti kshetron ke uchchatar madhyamik vidyalon mein vidyaarthi ki saangeetik sthiti: Ek adhyayan
260 _c2022
300 _axi, 256 p.
942 _cBK
999 _c9652
_d9652